|
|
|
|
| LEADER |
01325nam a2200325 i 4500 |
| 001 |
c000376051 |
| 003 |
CARM |
| 005 |
00000000000000.0 |
| 008 |
790709s1978 fr b i00010 eng |
| 015 |
|
|
|a F***
|
| 019 |
1 |
|
|a 1473495
|5 LACONCORD2021
|
| 020 |
|
|
|a 9231015907
|
| 035 |
|
|
|a (OCoLC)4865320
|5 LACONCORD2021
|
| 043 |
|
|
|a n-cn---
|
| 050 |
0 |
0 |
|a LA412
|b .A65
|
| 082 |
0 |
0 |
|a 371.2/07/0971
|
| 100 |
1 |
|
|a Anderson, Gary J.
|
| 245 |
1 |
0 |
|a Institutional leadership for educational reform :
|b the Atlantic Institute of Education /
|c by Gary J. Anderson and Joseph A. Lauwerys ; study prepared for the International Educational Reporting Service.
|
| 260 |
|
|
|a Paris :
|b Unesco,
|c 1978.
|
| 300 |
|
|
|a 49 p. ;
|c 21 cm.
|
| 490 |
0 |
|
|a Experiments and innovations in education ;
|v no. 38
|
| 504 |
|
|
|a Bibliography: p. 49.
|
| 610 |
2 |
0 |
|a Atlantic Institute of Education.
|
| 650 |
|
0 |
|a Educational planning
|z Canada.
|
| 650 |
|
0 |
|a Educational change
|z Canada.
|
| 700 |
1 |
|
|a Lauwerys, Joseph A.
|q (Joseph Albert),
|d 1902-
|e joint author.
|
| 710 |
2 |
|
|a International Educational Reporting Service.
|
| 852 |
8 |
|
|b CARM
|h A1:AM29B0
|i B09662
|p 0437421
|f BK
|
| 999 |
f |
f |
|i ea2b705e-0447-5beb-9e57-611b78f11910
|s 01cd8244-9a55-55c7-acd6-d18489d74ecd
|
| 952 |
f |
f |
|p Can circulate
|a CAVAL
|b CAVAL
|c CAVAL
|d CARM 1 Store
|e B09662
|f A1:AM29B0
|h Other scheme
|i book
|m 0437421
|